000 00289nam a2200109Ia 4500
005 20251222144833.0
008 251222s9999||||xx |||||||||||||| ||spa||
082 _a759/R31
245 0 _aRoma y el Ideal Académico:
264 _bReal Academia de Bellas Artes de San Fernando
942 _cLIB
999 _c20943
_d20943